[Event "Warsaw Najdorf Memorial op-A 14th"]
[Site "Warsaw"]
[Date "2016.07.13"]
[Round "6"]
[White "Fieberg, Samuel"]
[Black "Rey, Fabrice"]
[Result "1-0"]
[WhiteElo "2132"]
[BlackElo "2128"]
[PlyCount "24"]
[EventDate "2016.07.08"]
[EventType "swiss"]
[EventRounds "9"]
[EventCountry "POL"]
[SourceTitle "CBM 173 Extra"]
[Source "ChessBase"]
[SourceDate "2016.08.29"]
[SourceVersion "1"]
[SourceVersionDate "2016.08.29"]
[SourceQuality "1"]

1. e4 c6 2. d4 d5 3. e5 c5 4. Nf3 Nc6 5. c4 Bg4 6. cxd5 Bxf3 7. Qxf3 Nxd4 8. Qd1 Qxd5 9. Bb5+ Kd8 10. 0-0 Qxe5 11. b4 Kc7 12. Re1 Qf5 1-0

[Event "Canadian op 51st"]
[Site "Montreal"]
[Date "2014.07.23"]
[Round "6"]
[White "Poulin, Maurice"]
[Black "Rey, Fabrice"]
[Result "0-1"]
[WhiteElo "1989"]
[BlackElo "2152"]
[PlyCount "126"]
[EventDate "2014.07.19"]
[EventType "swiss"]
[EventRounds "9"]
[EventCountry "CAN"]
[SourceTitle "CBM 161 Extra"]
[Source "ChessBase"]
[SourceDate "2014.08.29"]
[SourceVersion "1"]
[SourceVersionDate "2014.08.29"]
[SourceQuality "1"]

1. e4 c6 2. Nc3 d5 3. Nf3 Nf6 4. e5 Ne4 5. Ne2 Qb6 6. d4 e6 7. Nfg1 f6 8. f3 Ng5 9. exf6 gxf6 10. Ng3 c5 11. f4 Nf7 12. Nh5 Be7 13. c3 Nc6 14. Nf3 cxd4 15. cxd4 Qb4+ 16. Kf2 Nd6 17. a3 Qb6 18. b4 Bd7 19. Be3 0-0-0 20. Bd3 Kb8 21. Ng3 Rc8 22. Ne2 Qd8 23. Qb1 Qf8 24. Ke1 Qg7 25. Rg1 Nd8 26. a4 Nc4 27. Bd2 Nf7 28. b5 Qf8 29. a5 Nfd6 30. b6 a6 31. Bb4 Bb5 32. Nc3 Bd7 33. Bc5 Qf7 34. Qb4 Rhe8 35. Rc1 Bf8 36. Bxc4 Nxc4 37. Bxf8 Qxf8 38. Qxf8 Rxf8 39. f5 Nxa5 40. fxe6 Bxe6 41. Kf2 Nc4 42. Na4 Bd7 43. Nc5 Bc6 44. Rb1 Rfe8 45. Rb3 Re7 46. Nh4 Nd6 47. Rf3 Rf7 48. Nf5 Nc4 49. Re1 Rh8 50. Rd3 h5 51. Re6 Rd8 52. Nxa6+ bxa6 53. Rxc6 Na5 54. Rc7 Rxc7 55. bxc7+ Kxc7 56. Ra3 Kb6 57. Re3 Kb5 58. Re6 Nc4 59. Rxf6 a5 60. Ke2 a4 61. Rf7 a3 62. Ra7 Na5 63. Ne3 Re8 0-1

[Event "Canadian op 51st"]
[Site "Montreal"]
[Date "2014.07.22"]
[Round "5"]
[White "Rey, Fabrice"]
[Black "Fleites Marti, Yuleikys"]
[Result "1-0"]
[WhiteElo "2152"]
[BlackElo "2163"]
[PlyCount "105"]
[EventDate "2014.07.19"]
[EventType "swiss"]
[EventRounds "9"]
[EventCountry "CAN"]
[SourceTitle "CBM 161 Extra"]
[Source "ChessBase"]
[SourceDate "2014.08.29"]
[SourceVersion "1"]
[SourceVersionDate "2014.08.29"]
[SourceQuality "1"]

1. d4 d5 2. c4 c6 3. Nf3 Nf6 4. Qb3 e6 5. g3 Be7 6. Bg2 Nbd7 7. 0-0 Qb6 8. c5 Qa6 9. Qc2 0-0 10. b4 b6 11. Bf4 Ne4 12. h4 Bf6 13. Nbd2 Nxd2 14. Qxd2 Qa4 15. Rab1 Ba6 16. Rfc1 Bb5 17. Bd6 Rfc8 18. Rc3 a5 19. a3 Ra7 20. g4 Rca8 21. g5 Bd8 22. h5 axb4 23. axb4 Qa6 24. g6 Qc8 25. gxf7+ Kxf7 26. Bh3 Bf6 27. Qf4 Nf8 28. Re3 Kg8 29. cxb6 Rb7 30. Bc5 Kh8 31. Ng5 Bxg5 32. Qxg5 h6 33. Qg4 Nh7 34. Qxe6 Qxe6 35. Bxe6 Nf6 36. Rbb3 Nd7 37. Bxd7 Rxd7 38. Ra3 Ba6 39. Re6 Kh7 40. Rxc6 Bb7 41. Rxa8 Bxc6 42. Ra5 Kg8 43. Kg2 Kf7 44. Kg3 Kf6 45. Kf4 Rf7 46. Ra3 Ke6+ 47. Kg3 g6 48. hxg6 Rg7 49. Kh4 Kf5 50. Kh5 Be8 51. Rf3+ Ke6 52. Re3+ Kd7 53. b7 1-0

[Event "Maastricht Limburg op-A 8th"]
[Site "Maastricht"]
[Date "2014.06.09"]
[Round "7"]
[White "Rey, Fabrice"]
[Black "Cioara, Andrei Nestor"]
[Result "1-0"]
[WhiteElo "2147"]
[BlackElo "2438"]
[PlyCount "57"]
[EventDate "2014.06.06"]
[EventType "swiss"]
[EventRounds "7"]
[EventCountry "NED"]
[SourceTitle "CBM 160 Extra"]
[Source "ChessBase"]
[SourceDate "2014.07.01"]
[SourceVersion "1"]
[SourceVersionDate "2014.07.01"]
[SourceQuality "1"]

1. d4 e6 2. c4 Nf6 3. g3 c5 4. d5 exd5 5. cxd5 b5 6. e4 Nxe4 7. Qe2 Qe7 8. Bg2 Nd6 9. Be3 Na6 10. a4 b4 11. Nd2 Bb7 12. Rc1 Rc8 13. Nc4 Kd8 14. Nh3 g6 15. Nxd6 Qxd6 16. Ng5 Qf6 17. 0-0 h6 18. Ne4 Qb6 19. Rfd1 d6 20. Nd2 Nb8 21. Re1 Nd7 22. Nc4 Qa6 23. Bf4 Kc7 24. g4 Rd8 25. b3 Bc8 26. Bf1 Nb6 27. Nxd6 Rxd6 28. Rxc5+ Kb8 29. Qb2 1-0

[Event "Maastricht Limburg op-A 8th"]
[Site "Maastricht"]
[Date "2014.06.07"]
[Round "2"]
[White "Ducarmon, Renzo"]
[Black "Rey, Fabrice"]
[Result "1-0"]
[WhiteElo "2072"]
[BlackElo "2147"]
[PlyCount "87"]
[EventDate "2014.06.06"]
[EventType "swiss"]
[EventRounds "7"]
[EventCountry "NED"]
[SourceTitle "CBM 160 Extra"]
[Source "ChessBase"]
[SourceDate "2014.07.01"]
[SourceVersion "1"]
[SourceVersionDate "2014.07.01"]
[SourceQuality "1"]

1. e4 c6 2. d4 d5 3. exd5 cxd5 4. c4 Nf6 5. Nc3 Nc6 6. Bg5 Be6 7. c5 g6 8. Bb5 Bg7 9. Nge2 0-0 10. 0-0 Ne4 11. Be3 Bf5 12. Rc1 Rc8 13. Nf4 e5 14. Nfe2 Nxc3 15. bxc3 Qa5 16. Qa4 Qxa4 17. Bxa4 Bd3 18. Rfe1 Bxe2 19. Rxe2 exd4 20. cxd4 Nxd4 21. Rd2 Nf5 22. Rxd5 Nxe3 23. fxe3 Rc7 24. Rcd1 Rfc8 25. Bb3 Re7 26. Rd7 Rc7 27. Rd8+ Bf8 28. Kf2 Kg7 29. R1d5 Re6 30. R8d7 Rec6 31. Ke2 Rxc5 32. Rd3 Be7 33. e4 b5 34. R3d5 a6 35. Rxe7 Rxe7 36. Rxc5 Rxe4+ 37. Kf3 Re7 38. Rc6 Ra7 39. Rb6 f6 40. Bd5 h6 41. Bb7 Kf7 42. Bxa6 Ke7 43. Rb7+ Rxb7 44. Bxb7 1-0

[Event "Maastricht Limburg op-A 8th"]
[Site "Maastricht"]
[Date "2014.06.07"]
[Round "3"]
[White "Rey, Fabrice"]
[Black "Voss, Gunther"]
[Result "1/2-1/2"]
[WhiteElo "2147"]
[BlackElo "2180"]
[PlyCount "104"]
[EventDate "2014.06.06"]
[EventType "swiss"]
[EventRounds "7"]
[EventCountry "NED"]
[SourceTitle "CBM 160 Extra"]
[Source "ChessBase"]
[SourceDate "2014.07.01"]
[SourceVersion "1"]
[SourceVersionDate "2014.07.01"]
[SourceQuality "1"]

1. d4 Nf6 2. c4 e6 3. g3 d5 4. Nf3 Bb4+ 5. Nbd2 dxc4 6. Qc2 b5 7. Bg2 0-0 8. a4 bxa4 9. Rxa4 a5 10. 0-0 Bb7 11. Nxc4 Be4 12. Qd1 Nbd7 13. Bd2 Bxd2 14. Ncxd2 Bd5 15. Nb3 Qb8 16. Nfd2 Qb5 17. Bxd5 Nxd5 18. Ra2 Nb4 19. Ra3 a4 20. Nc1 c5 21. dxc5 Nxc5 22. b3 Rfd8 23. bxa4 Qd7 24. Nd3 Nbxd3 25. exd3 Rxa4 26. Rxa4 Nxa4 27. Nc4 Nc3 28. Qf3 Qxd3 29. Qxd3 Rxd3 30. Ne3 h5 31. h4 f6 32. Ra1 Ne4 33. Kg2 Rd2 34. Rf1 Kh7 35. Kf3 f5 36. Kg2 Kh6 37. Nc4 Re2 38. Ne3 g5 39. hxg5+ Kxg5 40. Nc4 Kf6 41. Ne3 Ke5 42. Nd1 Kd4 43. Rh1 Rd2 44. Rf1 Kd3 45. Kf3 e5 46. Ne3 Re2 47. Rd1+ Nd2+ 48. Kg2 Ke4 49. Ra1 Nb3 50. Rh1 f4 51. gxf4 exf4 52. Nc4 Kd3 1/2-1/2

[Event "Biella op-A 4th"]
[Site "Biella"]
[Date "2013.09.27"]
[Round "1"]
[White "Marinone, Lucio"]
[Black "Rey, Fabrice"]
[Result "1-0"]
[WhiteElo "1970"]
[BlackElo "2156"]
[PlyCount "93"]
[EventDate "2013.09.27"]
[EventType "swiss"]
[EventRounds "5"]
[EventCountry "ITA"]
[SourceTitle "CBM 156 Extra"]
[Source "ChessBase"]
[SourceDate "2013.10.22"]
[SourceVersion "1"]
[SourceVersionDate "2013.10.22"]
[SourceQuality "1"]

1. c4 e6 2. g3 d5 3. Bg2 dxc4 4. Na3 Bxa3 5. bxa3 c6 6. Bb2 Nf6 7. Qc2 b5 8. a4 a6 9. Nf3 0-0 10. 0-0 Nd5 11. Rfd1 f6 12. d3 cxd3 13. Rxd3 Qc7 14. Rd4 Ne7 15. Rad1 Nd7 16. Ba3 Re8 17. Bd6 Qb6 18. Bxe7 Rxe7 19. Rd6 Qa5 20. Qxc6 Rb8 21. Rxd7 Bxd7 22. Rxd7 Rxd7 23. Qxd7 bxa4 24. Bh3 e5 25. Kg2 Qb5 26. Be6+ Kh8 27. Qd6 a5 28. Nh4 Re8 29. e4 Qb4 30. Qc6 Qe7 31. Bd5 g6 32. Qxa4 Qd8 33. Qc6 Kg7 34. Nf3 Re7 35. Nd2 h5 36. h4 f5 37. Nc4 f4 38. Qb6 Qf8 39. Qxa5 g5 40. hxg5 fxg3 41. fxg3 h4 42. gxh4 Qf4 43. Qe1 Qg4+ 44. Qg3 Qe2+ 45. Qf2 Qg4+ 46. Kh2 Kh7 47. Qf5+ 1-0

[Event "Palma de Mallorca"]
[Site "Palma de Mallorca"]
[Date "2013.02.22"]
[Round "8.1"]
[White "Ivanov, Jordan"]
[Black "Rey, Fabrice"]
[Result "1-0"]
[WhiteElo "2354"]
[BlackElo "2194"]
[PlyCount "53"]
[EventDate "2013.02.17"]
[EventType "swiss"]
[EventRounds "9"]
[EventCountry "ESP"]
[SourceTitle "EXT 2024"]
[Source "ChessBase"]
[SourceDate "2023.10.10"]
[SourceVersion "1"]
[SourceVersionDate "2023.10.10"]
[SourceQuality "1"]

1. d4 d5 2. c4 e6 3. Nc3 Bb4 4. e3 Nf6 5. a3 Bxc3+ 6. bxc3 0-0 7. Bd3 b6 8. Ne2 c5 9. 0-0 Ba6 10. cxd5 exd5 11. f3 Re8 12. Bxa6 Nxa6 13. Ng3 Qd7 14. Ra2 Rad8 15. Re2 Nb8 16. e4 dxe4 17. Bg5 exf3 18. Rxe8+ Rxe8 19. Bxf6 fxg2 20. Rf4 gxf6 21. Nh5 Kf8 22. Nxf6 Qd6 23. Qg4 Re1+ 24. Kxg2 Ke7 25. Qh4 Kd8 26. Qxe1 Qxf4 27. Qe8+ 1-0

[Event "Palma de Mallorca"]
[Site "Palma de Mallorca"]
[Date "2013.02.19"]
[Round "4.3"]
[White "Rey, Fabrice"]
[Black "Mladenov, Plamen"]
[Result "0-1"]
[WhiteElo "2194"]
[BlackElo "2421"]
[PlyCount "120"]
[EventDate "2013.02.17"]
[EventType "swiss"]
[EventRounds "9"]
[EventCountry "ESP"]
[SourceTitle "EXT 2024"]
[Source "ChessBase"]
[SourceDate "2023.10.10"]
[SourceVersion "1"]
[SourceVersionDate "2023.10.10"]
[SourceQuality "1"]

1. d4 e6 2. Nf3 c5 3. c4 cxd4 4. Nxd4 a6 5. Nc3 Qc7 6. e4 Nf6 7. Bd3 d6 8. 0-0 Be7 9. Be3 Nbd7 10. f4 b6 11. Nb3 Bb7 12. Qe2 Rc8 13. Rad1 h5 14. h3 h4 15. Rfe1 Nh5 16. Qf2 Bf6 17. Nd4 Nc5 18. Bb1 Kf8 19. f5 Kg8 20. fxe6 fxe6 21. b4 Bxd4 22. Bxd4 Nd7 23. Qxh4 Ne5 24. Bxe5 dxe5 25. Qg5 Rh6 26. Ne2 Nf6 27. Ng3 a5 28. bxa5 bxa5 29. Rc1 Qc5+ 30. Qe3 Kf7 31. Kf2 Rhh8 32. Bd3 Rhd8 33. Qxc5 Rxc5 34. Ke3 Ba6 35. Rc3 Rdc8 36. Rec1 Nd7 37. Nf1 R5c7 38. Nd2 a4 39. Rb1 Nc5 40. Rb6 Rd8 41. Nf3 Kf6 42. Bc2 g5 43. Nh2 Ke7 44. Ng4 Rd6 45. Rxd6 Kxd6 46. Nh2 Rg7 47. Bd3 Bb7 48. Rc2 Rf7 49. g3 Rh7 50. Nf3 Rxh3 51. Rg2 g4 52. Nh2 a3 53. Nxg4 Rh1 54. Rc2 Rg1 55. Kf2 Ra1 56. Be2 Rb1 57. Bf3 Rb2 58. Ne3 Nxe4+ 59. Bxe4 Bxe4 60. Re2 Bd3 0-1

[Event "Palma de Mallorca"]
[Site "Palma de Mallorca"]
[Date "2013.02.17"]
[Round "1.2"]
[White "Cantero Navarro, Antonio"]
[Black "Rey, Fabrice"]
[Result "1-0"]
[WhiteElo "2255"]
[BlackElo "2194"]
[PlyCount "145"]
[EventDate "2013.02.17"]
[EventType "swiss"]
[EventRounds "9"]
[EventCountry "ESP"]
[SourceTitle "EXT 2024"]
[Source "ChessBase"]
[SourceDate "2023.10.10"]
[SourceVersion "1"]
[SourceVersionDate "2023.10.10"]
[SourceQuality "1"]

1. e4 c6 2. c4 d5 3. exd5 cxd5 4. cxd5 Nf6 5. Nc3 Nxd5 6. Nf3 Nc6 7. Bb5 e6 8. 0-0 Be7 9. d4 0-0 10. a3 Nf6 11. Qd3 Bd7 12. Ba4 Qa5 13. Bc2 Qh5 14. Ne2 Bd6 15. Bf4 Bxf4 16. Nxf4 Qh6 17. Ne2 Rfd8 18. Rad1 Ne7 19. Ne5 Be8 20. f4 g6 21. Rf3 Qg7 22. Qd2 Bc6 23. Nxc6 Nxc6 24. Ba4 Rd6 25. Rd3 Rad8 26. Bxc6 Rxc6 27. Qa5 Ra8 28. Rc3 Rxc3 29. Nxc3 b6 30. Qa4 Qf8 31. Qc6 Qd8 32. Qb7 Rb8 33. Qxa7 Qd6 34. g3 Rd8 35. Qa6 h5 36. Qb5 Ng4 37. Qe2 Qc6 38. h3 Nh6 39. Kh2 Nf5 40. Nb5 h4 41. g4 Ng3 42. Qd3 Qd5 43. Rc1 Kg7 44. Rd1 Rc8 45. Nc3 Qd6 46. Qe3 f6 47. Re1 Kf7 48. Kg1 Qc6 49. d5 exd5 50. Kh2 Kg8 51. f5 g5 52. Qd4 Rd8 53. Re6 Qc7 54. Qxf6 Nh5+ 55. Qe5 Qxe5+ 56. Rxe5 Nf4 57. Ne2 Nd3 58. Re6 Nxb2 59. Rxb6 Nc4 60. Rg6+ Kf8 61. Nd4 Ra8 62. Ne6+ Ke7 63. Nxg5 Rxa3 64. f6+ Kf8 65. Rh6 Ra2+ 66. Kg1 Ra1+ 67. Kf2 Ra2+ 68. Ke1 Ra1+ 69. Ke2 Ra2+ 70. Kd1 Ne3+ 71. Kc1 Kg8 72. f7+ Kg7 73. Rh7+ 1-0

[Event "Metz op 30th"]
[Site "Metz"]
[Date "2012.04.23"]
[Round "2"]
[White "Korneev, Oleg"]
[Black "Rey, Fabrice"]
[Result "1-0"]
[WhiteElo "2597"]
[BlackElo "2123"]
[PlyCount "41"]
[EventDate "2012.04.14"]
[EventType "swiss"]
[EventRounds "9"]
[EventCountry "FRA"]
[SourceTitle "EXT 2013"]
[Source "ChessBase"]
[SourceDate "2012.11.22"]
[SourceVersion "1"]
[SourceVersionDate "2012.11.22"]
[SourceQuality "1"]

1. e4 c6 2. c4 d5 3. exd5 cxd5 4. cxd5 Nf6 5. Nc3 Nxd5 6. Nf3 Nc6 7. Bb5 e6 8. 0-0 Be7 9. d4 0-0 10. Re1 Bd7 11. a3 Rc8 12. Bd3 Nf6 13. Bg5 Qa5 14. b4 Qc7 15. Rc1 Qd6 16. Qd2 Nd5 17. Nxd5 Qxd5 18. Bf4 Bf6 19. Rc5 Qb3 20. Re3 Qa4 21. Bb5 1-0

[Event "Olomouc op"]
[Site "Olomouc"]
[Date "2011.08.07"]
[Round "5"]
[White "Rey, Fabrice"]
[Black "Ageichenko, Genadi A"]
[Result "0-1"]
[WhiteElo "2116"]
[BlackElo "2356"]
[PlyCount "130"]
[EventDate "2011.08.04"]
[EventType "swiss"]
[EventRounds "9"]
[EventCountry "CZE"]
[SourceTitle "CBM 143 Extra"]
[Source "ChessBase"]
[SourceDate "2011.08.29"]
[SourceVersion "1"]
[SourceVersionDate "2011.08.29"]
[SourceQuality "1"]

1. d4 Nf6 2. c4 e6 3. g3 c5 4. Nf3 d5 5. cxd5 exd5 6. Bg2 Nc6 7. 0-0 Be7 8. Nc3 0-0 9. b3 Ne4 10. Bb2 Bf6 11. Rc1 Nxd4 12. Nxd4 Bxd4 13. e3 Bxc3 14. Bxc3 Be6 15. Bxe4 dxe4 16. Qh5 Qd5 17. Qh4 Qf5 18. Rfd1 Qg4 19. Qe7 b6 20. Rd6 Rae8 21. Qxa7 Qf3 22. Rxe6 Rxe6 23. Qd7 h5 24. h4 Qe2 25. a4 Qd3 26. Qc7 Qd5 27. a5 Qxb3 28. axb6 Qxb6 29. Qf4 Ree8 30. Qg5 Qg6 31. Qxc5 Rc8 32. Qa3 Rfd8 33. Bd4 Rxc1+ 34. Qxc1 Qg4 35. Qc2 Rc8 36. Bc3 Qd7 37. Qb2 Qd3 38. Bxg7 Qd1+ 39. Kh2 Rc1 40. Qb8+ Kxg7 41. Qe5+ Kf8 42. Qb8+ Ke7 43. Qe5+ Kd8 44. Qf6+ Kc8 45. Qa6+ Kd7 46. Qa7+ Ke6 47. Qb6+ Qd6 48. Qb3+ Qd5 49. Qb8 Kd7 50. Qa7+ Rc7 51. Qa4+ Ke7 52. Qb4+ Ke8 53. Qb8+ Kd7 54. Qb4 Qf5 55. Qa4+ Ke7 56. Qb4+ Rc5 57. Qb7+ Kf8 58. Qb8+ Kg7 59. Qb2+ Qf6 60. Qd2 Rb5 61. Qe1 Rb2 62. Kg1 Ra2 63. Kg2 Qf3+ 64. Kg1 Kh7 65. Qf1 Rd2 0-1

[Event "SVK-ch op-A"]
[Site "Banska Stiavnica"]
[Date "2010.07.14"]
[Round "5"]
[White "Rey, Fabrice"]
[Black "Varga, David"]
[Result "1/2-1/2"]
[WhiteElo "2113"]
[BlackElo "2330"]
[PlyCount "49"]
[EventDate "2010.07.10"]
[EventType "swiss"]
[EventRounds "9"]
[EventCountry "SVK"]
[SourceTitle "CBM 137 Extra"]
[Source "ChessBase"]
[SourceDate "2010.09.01"]
[SourceVersion "1"]
[SourceVersionDate "2010.09.01"]
[SourceQuality "1"]

1. d4 Nf6 2. Bg5 d5 3. e3 Nbd7 4. Bd3 e5 5. c4 h6 6. Bh4 Qe7 7. Ne2 exd4 8. exd4 dxc4 9. Bxc4 Qb4+ 10. Nd2 Ne4 11. Nc3 Nxd2 12. Qe2+ Be7 13. a3 Qd6 14. Nb5 0-0 15. Nxd6 Bxh4 16. Qxd2 cxd6 17. 0-0 Nb6 18. Bb3 d5 19. Qd3 Bd7 20. Rac1 Bf6 21. h3 Bc6 22. g4 Rfe8 23. Rfe1 Re4 24. Bc2 Rae8 25. Rxe4 1/2-1/2

[Event "Villa Martelli 54th Aniv IRT 2nd"]
[Site "Villa Martelli"]
[Date "2008.07.22"]
[Round "7"]
[White "Rey, Fabrice"]
[Black "Guerrero, Alvaro"]
[Result "1-0"]
[WhiteElo "2113"]
[BlackElo "2154"]
[PlyCount "55"]
[EventDate "2008.07.17"]
[EventType "tourn"]
[EventRounds "9"]
[EventCountry "ARG"]
[SourceTitle "CBM 125 Extra"]
[Source "ChessBase"]
[SourceDate "2008.09.01"]
[SourceVersion "1"]
[SourceVersionDate "2008.09.01"]
[SourceQuality "1"]

1. e4 c5 2. Nf3 Nc6 3. Nc3 Nf6 4. Bb5 Nd4 5. e5 Nxb5 6. Nxb5 Nd5 7. Ng5 Nc7 8. Qf3 f6 9. exf6 exf6 10. Qe4+ Ne6 11. Nxh7 Qb6 12. Qg6+ Kd8 13. Nxf8 Rxf8 14. Nc3 Nf4 15. Qg4 Re8+ 16. Kd1 g5 17. d3 d5 18. Qf3 d4 19. Nd5 Nxd5 20. Qxd5+ Kc7 21. b4 cxb4 22. Qc4+ Kb8 23. Bb2 Rd8 24. Re1 Bf5 25. a3 bxa3 26. Bxa3 a5 27. Qc5 Qa6 28. Qxf5 1-0

[Event "Paris-ch"]
[Site "Paris"]
[Date "2004.07.09"]
[Round "7"]
[White "Khairallah, Faisal"]
[Black "Rey, Fabrice"]
[Result "1-0"]
[WhiteElo "2283"]
[BlackElo "2202"]
[PlyCount "113"]
[EventDate "2004.07.03"]
[EventType "swiss"]
[EventRounds "9"]
[EventCountry "FRA"]
[SourceTitle "CBM 101 Extra"]
[Source "ChessBase"]
[SourceDate "2004.09.01"]
[SourceVersion "2"]
[SourceVersionDate "2004.09.01"]
[SourceQuality "1"]

1. c4 e5 2. Nc3 Bb4 3. g3 Bxc3 4. bxc3 d6 5. Bg2 Nf6 6. Nf3 0-0 7. 0-0 Nc6 8. d3 Rb8 9. Bg5 h6 10. Bxf6 Qxf6 11. Nd2 Ne7 12. Rb1 b6 13. Qa4 a6 14. Rb2 Qe6 15. Rfb1 f5 16. Nb3 f4 17. Nd2 Kh8 18. c5 fxg3 19. fxg3 dxc5 20. Ne4 b5 21. Qa3 b4 22. cxb4 c4 23. dxc4 Qxc4 24. Qc3 Qxc3 25. Nxc3 Bf5 26. Be4 Rf6 27. a3 Rd8 28. Rc1 Bh3 29. Bf3 g5 30. Ne4 Rf7 31. Nf2 Be6 32. Rxc7 Rdf8 33. Nd3 e4 34. Ne5 exf3 35. Nxf7+ Rxf7 36. exf3 Kg7 37. Rd2 g4 38. fxg4 Bxg4 39. Rf2 Rxf2 40. Kxf2 Kf6 41. Rc5 Bd7 42. Rc7 Ke6 43. Rc5 Nd5 44. Kf3 Kd6 45. Ke4 Nf6+ 46. Kd4 Be8 47. Ra5 Bb5 48. a4 Be2 49. Re5 Bd1 50. b5 Ng4 51. Rh5 a5 52. h3 Nf6 53. Rxh6 Ke7 54. b6 Nd7 55. b7 Kd8 56. Rd6 Kc7 57. Rxd7+ 1-0

[Event "Paris-ch"]
[Site "Paris"]
[Date "2004.07.06"]
[Round "4"]
[White "Agababean, Naira"]
[Black "Rey, Fabrice"]
[Result "1-0"]
[WhiteElo "2189"]
[BlackElo "2202"]
[PlyCount "104"]
[EventDate "2004.07.03"]
[EventType "swiss"]
[EventRounds "9"]
[EventCountry "FRA"]
[SourceTitle "CBM 101 Extra"]
[Source "ChessBase"]
[SourceDate "2004.09.01"]
[SourceVersion "2"]
[SourceVersionDate "2004.09.01"]
[SourceQuality "1"]

1. d4 c5 2. d5 d6 3. g3 Nf6 4. Bg2 b5 5. a4 b4 6. b3 g6 7. Bb2 Bg7 8. Nd2 Nbd7 9. a5 Ba6 10. Nc4 0-0 11. e4 Qc7 12. Ne2 Rab8 13. 0-0 Bxc4 14. bxc4 Ng4 15. Bxg7 Kxg7 16. Qb1 Qb7 17. Qb3 Qa6 18. f4 e5 19. dxe6 fxe6 20. Rfd1 Rbd8 21. h3 Nh6 22. c3 Rb8 23. Nc1 e5 24. Nd3 bxc3 25. Qxc3 Nf7 26. h4 Rfc8 27. f5 Rb7 28. Rab1 Rcb8 29. Rxb7 Qxb7 30. Nf4 Qb3 31. Ne6+ Kg8 32. Qxb3 Rxb3 33. fxg6 hxg6 34. Nc7 Rc3 35. Nb5 Rxc4 36. Nxa7 Ra4 37. Nc8 Rxa5 38. Nxd6 Nf6 39. Nc4 Ra2 40. Rc1 Kf8 41. Bf3 Ke7 42. Rb1 Ra7 43. Rb6 Rc7 44. g4 g5 45. h5 Rd7 46. Rc6 Rd4 47. Ne3 Rd3 48. Nf5+ Ke8 49. Rxf6 Rxf3 50. Ng7+ Kf8 51. Rxf3 Kxg7 52. Kg2 Nd6 1-0

[Event "Paris-ch"]
[Site "Paris"]
[Date "2004.07.04"]
[Round "2"]
[White "Abergel, Thal"]
[Black "Rey, Fabrice"]
[Result "1-0"]
[WhiteElo "2442"]
[BlackElo "2202"]
[PlyCount "89"]
[EventDate "2004.07.03"]
[EventType "swiss"]
[EventRounds "9"]
[EventCountry "FRA"]
[SourceTitle "CBM 101 Extra"]
[Source "ChessBase"]
[SourceDate "2004.09.01"]
[SourceVersion "2"]
[SourceVersionDate "2004.09.01"]
[SourceQuality "1"]

1. e4 c5 2. Nc3 g6 3. d4 cxd4 4. Qxd4 Nf6 5. e5 Nc6 6. Qf4 Nh5 7. Qe4 Qa5 8. Nf3 f5 9. Qd5 Qb6 10. Bc4 e6 11. Qd3 Bg7 12. Be3 Qa5 13. 0-0 Nxe5 14. Nxe5 Bxe5 15. f4 Bxc3 16. bxc3 0-0 17. Rf3 d5 18. Bb3 Bd7 19. Bd4 Nf6 20. Rh3 Qc7 21. Qg3 Bb5 22. Re1 Ne4 23. Qh4 Rf7 24. Qh6 Rd7 25. Ree3 Qd8 26. g4 Qf8 27. g5 Qxh6 28. Rxh6 b6 29. h4 Rc7 30. h5 Be8 31. Rh3 Rac8 32. Ba4 Nxc3 33. Bxc3 Bxa4 34. Be5 Rxc2 35. hxg6 Rc1+ 36. Kf2 R8c2+ 37. Kg3 Rg1+ 38. Kh4 hxg6 39. Rxg6+ Kf8 40. Kh5 Be8 41. Bd6+ Kf7 42. Kh6 Bb5 43. Rg7+ Ke8 44. Re7+ Kd8 45. Kg7 1-0

[Event "Syre Memorial op 26th"]
[Site "Issy les Moulineaux"]
[Date "2003.06.01"]
[Round "6.8"]
[White "Flom, Gabriel"]
[Black "Rey, Fabrice"]
[Result "1-0"]
[WhiteElo "2281"]
[BlackElo "2167"]
[PlyCount "45"]
[EventDate "2003.05.29"]
[EventType "swiss"]
[EventRounds "6"]
[EventCountry "FRA"]
[SourceTitle "CBM 094 Extra"]
[Source "ChessBase"]
[SourceDate "2003.07.09"]
[SourceVersion "2"]
[SourceVersionDate "2003.07.09"]
[SourceQuality "1"]

1. d4 d5 2. c4 dxc4 3. Nf3 a6 4. e3 e6 5. Bxc4 Nf6 6. 0-0 c5 7. Nc3 b5 8. Be2 Bb7 9. Qc2 Nc6 10. Rd1 Qb6 11. a4 b4 12. a5 b3 13. Qxh7 Rxh7 14. axb6 Nb4 15. Ra3 Nc2 16. Rxb3 cxd4 17. Nxd4 Na1 18. Ra3 Bxa3 19. bxa3 0-0-0 20. f4 Nd5 21. Nxd5 Bxd5 22. Bxa6+ Kb8 23. Nc6+ 1-0

[Event "Syre Memorial op 26th"]
[Site "Issy les Moulineaux"]
[Date "2003.05.31"]
[Round "1.34"]
[White "Rey, Fabrice"]
[Black "Aouizerate, Robert"]
[Result "1-0"]
[WhiteElo "2167"]
[BlackElo "2030"]
[PlyCount "27"]
[EventDate "2003.05.29"]
[EventType "swiss"]
[EventRounds "6"]
[EventCountry "FRA"]
[SourceTitle "CBM 094 Extra"]
[Source "ChessBase"]
[SourceDate "2003.07.09"]
[SourceVersion "2"]
[SourceVersionDate "2003.07.09"]
[SourceQuality "1"]

1. e4 c5 2. c3 Nf6 3. e5 Nd5 4. Nf3 Nc6 5. Na3 d6 6. exd6 Qxd6 7. d4 cxd4 8. Nb5 Qd8 9. Bc4 Nb6 10. Bf4 e5 11. Nxe5 Nxe5 12. Bxe5 Qe7 13. Nd6+ Kd7 14. Qxd4 1-0

[Event "Syre Memorial op 26th"]
[Site "Issy les Moulineaux"]
[Date "2003.05.29"]
[Round "2.10"]
[White "Lallemand, Roza"]
[Black "Rey, Fabrice"]
[Result "1-0"]
[WhiteElo "2291"]
[BlackElo "2167"]
[PlyCount "81"]
[EventDate "2003.05.29"]
[EventType "swiss"]
[EventRounds "6"]
[EventCountry "FRA"]
[SourceTitle "CBM 094 Extra"]
[Source "ChessBase"]
[SourceDate "2003.07.09"]
[SourceVersion "2"]
[SourceVersionDate "2003.07.09"]
[SourceQuality "1"]

1. e4 c5 2. Nf3 e6 3. d4 cxd4 4. Nxd4 Nf6 5. Nc3 Nc6 6. Be2 Bb4 7. 0-0 Bxc3 8. bxc3 Nxe4 9. Qd3 d5 10. Nxc6 bxc6 11. Ba3 Qf6 12. c4 Qc3 13. cxd5 Qxd3 14. Bxd3 cxd5 15. Rfb1 Kd7 16. Bb5+ Kc7 17. Rb3 a6 18. Bd3 Bd7 19. Bxe4 dxe4 20. Rd1 Bb5 21. Bd6+ Kc6 22. Rc3+ Kb6 23. Bc5+ Kb7 24. Rb1 Kc6 25. Bb4+ Kb7 26. Ba5 Rhc8 27. a4 Rxc3 28. Bxc3 Rc8 29. Bxg7 Rxc2 30. axb5 axb5 31. Rxb5+ Kc6 32. Rb1 Kd5 33. g3 f5 34. Rd1+ Kc5 35. Be5 h5 36. h4 Ra2 37. Bf4 Ra6 38. Rd7 Ra2 39. Kg2 e5 40. Bxe5 Kc6 41. Re7 1-0

[Event "Paris Apsap op 55th"]
[Site "Paris"]
[Date "2002.??.??"]
[Round "5"]
[White "Le Borgne, Pierre"]
[Black "Rey, Fabrice"]
[Result "1-0"]
[WhiteElo "2162"]
[BlackElo "2164"]
[PlyCount "45"]
[EventDate "2002.08.26"]
[EventType "swiss"]
[EventRounds "9"]
[EventCountry "FRA"]
[SourceTitle "EXT 2004"]
[Source "ChessBase"]
[SourceDate "2003.11.25"]
[SourceVersion "1"]
[SourceVersionDate "2003.11.25"]
[SourceQuality "1"]

1. e4 c5 2. Nf3 Nc6 3. Bb5 Qb6 4. Bxc6 Qxc6 5. Nc3 d6 6. h3 g6 7. 0-0 Bg7 8. d3 e6 9. Be3 Ne7 10. Qd2 0-0 11. Bh6 e5 12. Bxg7 Kxg7 13. Nh2 b5 14. f4 f6 15. Rf2 b4 16. Ne2 f5 17. Raf1 Bb7 18. Ng3 Rad8 19. fxe5 dxe5 20. Qg5 Rd7 21. exf5 Nxf5 22. Nxf5+ Rxf5 23. Rxf5 1-0